|
|
|
|
| LEADER |
01506nam a22004091i 4500 |
| 001 |
EBC918798 |
| 003 |
MiAaPQ |
| 005 |
20200520144314.0 |
| 006 |
m o d | |
| 007 |
cr cnu|||||||| |
| 008 |
120912s2012 enka o 000 0 eng d |
| 020 |
|
|
|z 9781849282000
|
| 020 |
|
|
|a 9781849282017
|q (electronic bk.)
|
| 035 |
|
|
|a (MiAaPQ)EBC918798
|
| 035 |
|
|
|a (Au-PeEL)EBL918798
|
| 035 |
|
|
|a (CaPaEBR)ebr10772228
|
| 035 |
|
|
|a (CaONFJC)MIL478107
|
| 035 |
|
|
|a (OCoLC)799769022
|
| 040 |
|
|
|a MiAaPQ
|b eng
|e rda
|e pn
|c MiAaPQ
|d MiAaPQ
|
| 050 |
|
4 |
|a HD61
|b .D74 2012
|
| 082 |
0 |
|
|a 658.8
|2 23
|
| 100 |
1 |
|
|a Drewitt, Tony.
|
| 245 |
1 |
0 |
|a Everything you want to know about business continuity /
|c Tony Drewitt.
|
| 264 |
|
1 |
|a Ely, Cambridgeshire :
|b IT Governance Publishing,
|c 2012.
|
| 300 |
|
|
|a 1 online resource (260 pages) :
|b illustrations
|
| 336 |
|
|
|a text
|2 rdacontent
|
| 337 |
|
|
|a computer
|2 rdamedia
|
| 338 |
|
|
|a online resource
|2 rdacarrier
|
| 588 |
|
|
|a Description based on online resource; title from PDF title page (ebrary, viewed October 18, 2013).
|
| 590 |
|
|
|a Electronic reproduction. Ann Arbor, MI : ProQuest, 2015. Available via World Wide Web. Access may be limited to ProQuest affiliated libraries.
|
| 650 |
|
0 |
|a Business.
|
| 650 |
|
0 |
|a Decision making.
|
| 650 |
|
0 |
|a Risk assessment.
|
| 650 |
|
0 |
|a Risk management.
|
| 655 |
|
4 |
|a Electronic books.
|
| 797 |
2 |
|
|a ProQuest (Firm)
|
| 856 |
4 |
0 |
|u https://ebookcentral.proquest.com/lib/matrademy/detail.action?docID=918798
|z Click to View
|